| 000 | 04313nam a22003257a 4500 | ||
|---|---|---|---|
| 001 | TZ 0044 | ||
| 003 | gtcocun | ||
| 005 | 20251008193202.0 | ||
| 006 | a||||gr|||| 00| 0 | ||
| 007 | ta | ||
| 008 | 251008b2011 gt ||||| m||| 00| 0 eng d | ||
| 040 |
_agtcocun _bSPA _cgtcocun _eRDA |
||
| 041 | _aSPA TZ 0044 | ||
| 084 | _0TZ 0044 | ||
| 100 |
_aLópez Catalán, Cheydi Carmelita _eAutor |
||
| 245 |
_aINFORME FINAL DEL EJERCICIO PROFESIONAL SUPERVISADO, REALIZADO EN LA FUNDACION PARA EL DESARROLLO Y EDUCACION DE LA MUJER INDIGENA, FUNDEMI, TALITA KUMI, UBICADA EN SAN PEDRO CARCHA, ALTA VERAPAZ./ _coote _hImpreso |
||
| 264 |
_aCobán, Alta Verapaz: _bUniversidad de San Carlos de Guatemala, Centro Universitario del Norte, Zootecnia _c2011 |
||
| 300 |
_a56 p.: _bIlustraciones, gráficas. _c28 cm; |
||
| 336 |
_2rdacontenido _aTexto _btxt |
||
| 337 |
_2rdamedio _aComputadora _bn |
||
| 338 |
_2rdasoporte _aCódigo en línea _bcr |
||
| 502 | _eTZ 0044 | ||
| 502 |
_aTesis de grado _bZootecnia, _cUniversidad de San Carlos de Guatemala, Centro Universitario del Norte, Zootecnia _d2011 _oTZ 0044 |
||
| 520 | 1 | 4 | _aLa fundación Talita Kumi tiene como principal objetivo brindar a la mujer indígena la oportunidad de tener acceso a educación, salud y capacitaciones agropecuarias. Dentro de los proyectos que ejecuta la fundación, el proyecto PRODILM (Proyecto De Inserción Laboral de la Mujer Indígena) brinda estos servicios a treinta comunidades de San Pedro Carchá y San Juan Chamelco a través de granjas integrales familiares, para lo cual se otorgan créditos y asesoría agropecuaria. Las actividades realizadas en las comunidades del proyecto se enfocaron a orientar a los grupos de amas de casa que cuentan con un crédito para desarrollar una actividad productiva, en este caso engorde de pollos, cerdos y bovinos. Se llevaron a cabo capacitaciones a las facilitadoras y réplicas dirigidas a las participantes en su comunidad en el mejoramiento de las granjas integrales, prácticas de manejo, reducción de costos, cadenas productivas, introducción de nuevas especies, entre otras actividades. Durante ocho meses se coordinaron actividades en conjunto con técnicos agropecuarios para realizar capacitaciones y visitas a las unidades productivas de las comunidades que integran el proyecto. Mensualmente se entregó informes de las actividades y se programaron en conjunto las siguientes. A la vez se colaboró en la ejecución de un proyecto de mejoramiento de potreros y siembra de pastos en el centro de Talita Kumi ubicado en Carolina Chisec, Alta Verapaz. Como apoyo a la fundación se brindaron capacitaciones sobre manejo y crianza de aves y cerdos a comunidades beneficiadas por el proyecto de Mecanismos Alimentarios y a los estudiantes de nivel básico del Centro de Aprendizaje e Intercambio de Saberes ubicado en la comunidad de Chamil, San Juan Chamelco, Alta Verapaz. Se realizaron actividades para evaluar el rendimiento económico de la carnicería Carnes del Campo y sugerir nuevos productos a la venta, está ubicada en la sede de la fundación. El desarrollo de la investigación ínferencial se llevó a cabo según la calendarización programada, ésta se realizó en la comunidad de Campat, San Juan Chamelco, Alta Verapaz. Se realizaron diferentes actividades de extensión y servicio en las comunidades del Proyecto PRODILM y en apoyo a otros programas ejecutados por la Fundación Talita Kumi. Estas consistieron en jornadas de vacunación, visitas para diagnosticar problemas y enfermedades en las granjas y capacitaciones a las comunidades. Al final el ejercicio profesional supervisado en la Fundación Talita Kumi fue un intercambio de conocimientos en donde se aplicaron técnicas aprendidas durante el estudio de la carrera y se obtuvo experiencia en el trabajo de campo brindando asesoría a las participantes del proyecto. |
| 650 | 1 | 4 |
_2LEMB _aSan Pedro Carchá, Alta Verapaz. _xZootecnia _xAgropecuaria _xActividad productiva _xComunidad _xTalita kumi _xBovinos |
| 700 |
_aLic. Zoot. Mauricio Arturo Quiroa Roldan _eAsesor |
||
| 856 |
_uhttps://drive.google.com/file/d/1e6-3-Nd7QoEGFj2U0EInPhRp6ep9us9z/view _yPDF _zUn ejemplar en línea. |
||
| 942 |
_2ddc _cTES _iTZ 0044 _kClasificación _n0 _6TZ_0044_000000000000000 |
||
| 999 |
_c2300 _d2300 |
||